000 01275nam a2200349Ia 4500
001 Z_6351
003 CHAP
005 20230926191809.0
008 220113s2012 xx 000 0 und d
010 _a169607
040 _cCHAP
090 _aTesis A77 2238
100 _aArriola González, Jorge Luis
_97497
245 _aManejo del anestro postparto con el control del amamantamiento y efecto macho en ovejas de pelo /
_cArrioloa González, Jorge Luis
260 _aMéxico :
_bEl autor,
_c2012
300 _a57 p.
502 _aTesis ( Ingeniero Agrónomo Especialista en Zootecnia ) -- UACh, 2012 \ Dirección: Jaime Gallegos Sánchez ; asesoría: Carlos G. Germán Alarcón y Carlos Sánchez del Real
650 _aActividad ovárica
_9144537
650 _aAmamantamiento controlado
_9144538
650 _aEfecto macho
_9144539
650 _aGanado Ovino
_9139065
650 _aSincronización
_9106555
700 _a Germán Alarcón, Carlos G., asesor
_9138869
700 _a Sánchez del Real, Carlos, asesor
_9141474
700 _aGallegos Sánchez, Jaime, director
_9143068
856 4 2 _uhttp://10.13.5.2/tesis/115542.pdf
_yDescargar PDF
901 _aTESIS A77 2238
902 _aM
910 _a2012
942 _c2
_2ddc
942 _c2
_2ddc
999 _c169607
_d169607